Top 15 Busiest Lone Airports In The World - Statistics

General Stats
  • This quiz has been taken 29 times
  • The average score is 7 of 14
Answer Stats
Boarding Gates Terminals City % Correct
146 9 Los Angeles
71%
64 2 Barcelona
67%
N/A (100+) 3 Delhi
62%
N/A 4 Madrid
62%
78-139 2 Mumbai
62%
28 or more 1 Amsterdam
52%
90 2 Hong Kong
52%
N/A 2 Mexico City
52%
111 1 Denver
48%
6 1 Seattle
48%
N/A 2 Guangzhou
29%
92 2 Las Vegas
29%
62 1 Shenzhen
24%
66 1 Kunming
10%
No matching quizzes found
Score Distribution
Percent of People with Each Score
Percentile by Number Answered
Your Score History
You have not taken this quiz